Stratégia kastumizácie v podmienkach globálnej hospodárskej krízy

Masová kastumizácia je novým prístupom podniku k svojim zákazníkom, kde sa zákazník ako jedinec stáva trhom. Stratégia kastumizácie vytvára hodnotu pre zákazníka tým, že mu umožní získať produkt na mieru z hľadiska diferenciácie produktu, ale zároveň spĺňa kritériá efektivity masovej produkcie. Teor...

Description complète

Enregistré dans:
Détails bibliographiques
Auteur principal: Hrušovská, Dana, 1964-
Format: Chapitre de livre
Langue:slovaque
Sujets:
Tags: Ajouter un tag
Pas de tags, Soyez le premier à ajouter un tag!

MARC

LEADER 00000nla a2200000 4500
001 0184293
005 20240522130949.9
041 0 |a slo 
044 |a SK 
245 1 0 |a Stratégia kastumizácie v podmienkach globálnej hospodárskej krízy  |c Dana Hrušovská 
520 |a Masová kastumizácia je novým prístupom podniku k svojim zákazníkom, kde sa zákazník ako jedinec stáva trhom. Stratégia kastumizácie vytvára hodnotu pre zákazníka tým, že mu umožní získať produkt na mieru z hľadiska diferenciácie produktu, ale zároveň spĺňa kritériá efektivity masovej produkcie. Teoretické východiská stratégie kastumizácie. 
610 2 0 |a podnik 
610 2 0 |a zákazníci 
610 2 0 |a stratégia obchodná 
610 2 0 |a odbyt 
610 2 0 |a marketing 
610 2 0 |a kríza hospodárska 
100 1 |a Hrušovská, Dana, 1964-